| 000 -LEADER |
| fixed length control field |
03375cam a2200373 a 4500 |
| 001 - CONTROL NUMBER |
| control field |
16857561 |
| 003 - CONTROL NUMBER IDENTIFIER |
| control field |
OSt |
| 005 - DATE AND TIME OF LATEST TRANSACTION |
| control field |
20160901154836.0 |
| 008 - FIXED-LENGTH DATA ELEMENTS--GENERAL INFORMATION |
| fixed length control field |
110705s2011 xna 001 0 eng |
| 010 ## - LIBRARY OF CONGRESS CONTROL NUMBER |
| LC control number |
2010681657 |
| Canceled/invalid LC control number |
2011507569 |
| 020 ## - INTERNATIONAL STANDARD BOOK NUMBER |
| International Standard Book Number |
9780455223209 (pbk.) |
| 020 ## - INTERNATIONAL STANDARD BOOK NUMBER |
| International Standard Book Number |
0455227896 (pbk.) |
| 035 ## - SYSTEM CONTROL NUMBER |
| System control number |
(OCoLC)709575451 |
| 040 ## - CATALOGING SOURCE |
| Original cataloging agency |
ANL |
| Language of cataloging |
eng |
| Transcribing agency |
AU@ |
| Modifying agency |
ANV |
| -- |
OCoLC |
| -- |
ANL |
| -- |
DLC |
| 042 ## - AUTHENTICATION CODE |
| Authentication code |
lccopycat |
| 043 ## - GEOGRAPHIC AREA CODE |
| Geographic area code |
u-at--- |
| 050 00 - LIBRARY OF CONGRESS CALL NUMBER |
| Classification number |
KU658.B73 2008 |
| 082 04 - DEWEY DECIMAL CLASSIFICATION NUMBER |
| Classification number |
346.94043 |
| Edition number |
22 |
| 100 ## - MAIN ENTRY--PERSONAL NAME |
| Personal name |
Chambers, Robert |
| 245 00 - TITLE STATEMENT |
| Title |
An introduction to property law in Australia |
| Statement of responsibility, etc |
Robert Chambers |
| 250 ## - EDITION STATEMENT |
| Edition statement |
2nd ed. |
| 260 ## - PUBLICATION, DISTRIBUTION, ETC. (IMPRINT) |
| Place of publication, distribution, etc |
Sydney |
| Name of publisher, distributor, etc |
Thomson law book CO. |
| Date of publication, distribution, etc |
2008. |
| 300 ## - PHYSICAL DESCRIPTION |
| Extent |
Ixxix, 522 p. ; |
| Dimensions |
25 cm. |
| 500 ## - GENERAL NOTE |
| General note |
Previous ed.: 2007. |
| 500 ## - GENERAL NOTE |
| General note |
Rev. ed. of: Australian real property law / Adrian J. Bradbrook, Susan V. MacCallum, Anthony P. Moore. 3rd ed. c2002. |
| 504 ## - BIBLIOGRAPHY, ETC. NOTE |
| Bibliography, etc |
Includes bibliographical references and index. |
| 505 2# - FORMATTED CONTENTS NOTE |
| Formatted contents note |
Ch. 1. Concept of real property law -- Ch. 2. Foundational concepts: tenure, possession, estates, trusts and general law priorities -- Ch. 3. Adverse possession -- Ch. 4. The Torrens System and indefeasibility -- Ch. 5. Torrens priorities -- Ch. 6. Public lands and land rights of indigenous peoples -- Ch. 7. Mortgages -- Ch. 8. Dispositions -- Ch. 9. Defeasible transactions -- Ch. 10. Future interests -- Ch. 11. The Rule against perpetuities -- Ch. 12. Co-ownership -- Ch. 13. Management where ownership is divided -- Ch. 14. Landlord and tennant law -- Ch. 15. Housing -- Ch. 16. The Scope and meaning of real property -- Ch. 17. Easements, profits and rentcharges -- Ch. 18. Freehold covenants. |
| 520 ## - SUMMARY, ETC. |
| Summary, etc |
The fifth edition of this work remains a succinct, comprehensible and comprehensive statement of Australian real property law. Its basic structure covers the nature of real property, obtaining title to land, land dealings, management and divided ownership and neighbour relations. For this edition, the chapters have been reordered and restructured - possession has considered as part of title to land; public lands have been combined with land rights of indigenous persons; mortgages have been brought within land title; and co-ownership dealt within one chapter. Strata and community title (which can be used for all forms of land use) has been taken from housing to the management chapter, and housing extended to include residential parks and rooming houses. Since the last edition, decisions of Australian courts have considered issues as diverse as priorities of unregistered interests, the loss of easements by abandonment and the scope of settled land powers. A number of national or uniform laws have been enacted for many of the areas at the fringes of real property law. The Australian Consumer Law and national control of consumer credit have increased the court's capacity regarding the regulation of mortgages and to set aside transactions viewed as unfair. There are also uniform laws relating to personal property securities; family property rights for all personal relationships; and even a national water system is promised -- |
| 650 #0 - SUBJECT ADDED ENTRY--TOPICAL TERM |
| Topical term or geographic name as entry element |
Real property |
| Geographic subdivision |
Australia. |
| 700 1# - ADDED ENTRY--PERSONAL NAME |
| Title of a work |
Australian real property law. |
| 906 ## - LOCAL DATA ELEMENT F, LDF (RLIN) |
| a |
7 |
| b |
cbc |
| c |
copycat |
| d |
2 |
| e |
ncip |
| f |
20 |
| g |
y-gencatlg |
| 942 ## - ADDED ENTRY ELEMENTS (KOHA) |
| Source of classification or shelving scheme |
|
| Koha item type |
Book |